000 01093nam0a2200313 4500
001 RU\NLR\BIBL_A\022100361
005 20250625121409.0
010 _92000
035 _a(NLR Aleph) 022100361
090 _a13319002
_c13319002
100 _a20231220d1932 |||y0rusy50 ca
101 0 _anog
_crus
102 _aRU
105 _ay z 000yy
181 0 _ai
_baxxe
182 0 _an
200 1 _aБарлыкъ Союз Коммунист(b) партиясыныӊ програмы эм уставы
_fногайлаштырывшылары: Курбаралийив Р. эм Савин Л.
203 _aТекст
_bвизуальный
_cнепосредственный
210 _aМакъаш-Къала
_cДаг. Давлет Баспасы
_d1932
215 _a91,[1] c.
_d13
300 _aТекст на латин. графике
541 1 _aПрограмма и устав КПСС
_zrus
686 1 _aФ61(2)01
686 1 _aФ61(2)02
702 1 _aКурбаналийив
_bР.
_4730
852 _aNLR
_bОНЛ
_jНог./1-11
942 _cBOOK
980 _aNB